000
00268nam a22001217a 4500
008
181017b xxu||||| |||| 00| 0 eng d
041
_a
eng
080
_a
575
100
_a
5
101
_a
BIK
245
_a
Harper Rewiwv Biochemistry
_c
Martin.D.W
942
_2
udc
_c
BK
999
_c
50069
_d
50069